Drift Masters Grid (2025) - Statistics

General Stats
  • This quiz has been taken 11 times
  • The average score is 22 of 36
Answer Stats
Hint Answer % Correct
FIN Teemu Peltola
100%
IRL Conor Falvey
88%
IRL Conor Shanahan
88%
IRL Jack Shanahan
88%
IRL James Deane
88%
FIN Jarkko Jylhä
88%
FIN Juha Rintanen
88%
EST Kevin Pesur
88%
FIN Lauri Heinonen
88%
FIN Mika Keski-Korpi
88%
POL Piotr Więcek
88%
LTU Benediktas Cirba
75%
IRL Duane McKeever
75%
FIN Juha Pöytälaakso
75%
HUN Kevin Piskolty
75%
JPN Naoki Nakamura
75%
EST Oliver Randalu
75%
GBR Steve "Baggsy" Biagioni
75%
IRL Dave Egan
63%
IRL Fionn Roche
63%
SWE Pontus Hartman
63%
NOR Tor Arne Kvia
63%
POL Adam Zalewski
50%
NOR Ørjan Nilsen
38%
POL Paweł Korpuliński
38%
SUI Yves Meyer
38%
NLD Clint Van Oort
25%
POL Dawid Sposób
25%
PRT Diogo Correia
25%
NOR Espen Rohde
25%
ISR Itay Sadeh
25%
POL Jakub Król
25%
POL Jakub Przygoński
25%
FRA Jason Banet
25%
CZE Marco Zakouril
25%
CYP George Christoforou
13%
No matching quizzes found
Score Distribution
Percent of People with Each Score
Percentile by Number Answered
Your Score History
You have not taken this quiz